00571nam a2200169 a 450000100100000000500170001000800410002702000180006804000250008608200150011110000450012624500730017126000370024430000270028150000630030850400300037100004486020240704133524.0150114s2010 dr a 000 0 spa d a9789945409062 aDO-SdBNPbspacBNPHU axxxxbxxxx1 aMartínez Fernández, Héctor,d1949-10aNerón :b20 siglos de infamias /cHéctor Martínez Fernández. aSanto Domingo :bConadex,c2010. a46 p. :bil. ;c22 cm. aIncluye datos biográficos del autor en la contracubierta aBibliografía : p. 45-46